Tous les joueurs de Ligue 1 qui ont une valeur supérieure à 1M€ inclus - Statistiques

Statistiques générales
  • Ce quiz a été pris 67 fois
    5 depuis la dernière actualisation
  • Le résultat moyen est 203 sur 343
Statistiques - réponses
Joueur Pays Club % Correct
Achraf Hakimi Marocain PSG
100%
Adama Camara Français Paris FC
100%
Aleksandr Golovin Russe Monaco
100%
Amadi Camara Malien Nantes
100%
Amine Gouiri Algérien OM
100%
Bradley Barcola Français PSG
100%
Désiré Doué Français PSG
100%
Fabián Ruiz Espagnol PSG
100%
Gerónimo Rulli Argentin OM
100%
Gonçalo Ramos Portugais PSG
100%
Guéla Doué Ivoirien Strasbourg
100%
Ibrahim Mbaye Français PSG
100%
Igor Paixão Brésilien OM
100%
Ilya Zabarnyi Ukrainien PSG
100%
João Neves Portugais PSG
100%
Kang-In Lee Sud-Coréen PSG
100%
Khvicha Kvaratskhelia Géorgien PSG
100%
Lamine Camara Sénégalais Monaco
100%
Lucas Beraldo Brésilien PSG
100%
Lucas Hernández Français PSG
100%
Mahdi Camara Français Rennes
100%
Malang Sarr Français Lens
100%
Mamadou Sarr Français Strasbourg
100%
Marquinhos Brésilien PSG
100%
Mason Greenwood Anglais OM
100%
Matvey Safonov Russe PSG
100%
Nuno Mendes Portugais PSG
100%
Ousmane Dembélé Français PSG
100%
Paul Pogba Français Monaco
100%
Senny Mayulu Français PSG
100%
Thomas Meunier Belge LOSC
100%
Timothy Weah Etatsunien OM
100%
Valentín Barco Argentin Strasbourg
100%
Vanderson Brésilien Monaco
100%
Vitinha Portugais PSG
100%
Warren Zaïre-Emery Français PSG
100%
Willian Pacho Équatorien PSG
100%
Abakar Sylla Ivoirien Strasbourg
80%
Abner Brésilien OL
80%
Alexsandro Brésilien LOSC
80%
Alidu Seidu Ghanéen Rennes
80%
André Gomes Portugais LOSC
80%
Angel Gomes Anglais OM
80%
Ansu Fati Espagnol Monaco
80%
Arthur Vermeeren Belge OM
80%
Ayyoub Bouaddi Français LOSC
80%
Ben Chilwell Anglais Strasbourg
80%
Benjamin André Français LOSC
80%
Benjamin Pavard Français OM
80%
Berke Özer Turc LOSC
80%
Bilal Nadir Marocain OM
80%
Boubacar Traoré Malien Metz
80%
Breel Embolo Suisse Rennes
80%
Brice Samba Français Rennes
80%
Caio Henrique Brésilien Monaco
80%
Christian Mawissa Français Monaco
80%
CJ Egan-Riley Anglais OM
80%
Denis Zakaria Suisse Monaco
80%
Diego Moreira Belge Strasbourg
80%
Emerson Italien OM
80%
Emmanuel Emegha Néerlandais Strasbourg
80%
Eric Dier Anglais Monaco
80%
Ernest Nuamah Ghanéen OL
80%
Facundo Medina Argentin OM
80%
Félix Correia Portugais LOSC
80%
Fodé Sylla Français Lens
80%
Folarin Balogun Etatsunien Monaco
80%
Geoffrey Kondogbia Centrafricain OM
80%
Gianluigi Donnarumma Italien PSG
80%
Hákon Arnar Haraldsson Islandais LOSC
80%
Hamari Traoré Malien Paris FC
80%
Hamed Junior Traoré Ivoirien OM
80%
Hamza Igamane Marocain LOSC
80%
Jeffrey de Lange Néerlandais OM
80%
Jérémy Jacquet Français Rennes
80%
Joaquín Panichelli Argentine Strasbourg
80%
Jordan Teze Néerlandais Monaco
80%
Krépin Diatta Sénégalais Monaco
80%
Leonardo Balerdi Argentin OM
80%
Lucas Chevalier Français PSG
80%
Ludovic Blas Français Rennes
80%
Lukáš Hrádecký Finlandais Monaco
80%
Maghnes Akliouche Français Monaco
80%
Malick Fofana Belge OL
80%
Matías Fernández-Pardo Espagnol LOSC
80%
Maxime Lopez Français Paris FC
80%
Michael Murillo Panaméen OM
80%
Mika Biereth Danois Monaco
80%
Mike Penders Belge Strasbourg
80%
Mohammed Salisu Ghanéen Monaco
80%
Nabil Bentaleb Algérien LOSC
80%
Ngal'Ayel Mukau Congolais LOSC
80%
Nicolás Tagliafico Argentin OL
80%
Osame Sahraoui Marocain LOSC
80%
Pierre-Emerick Aubameyang Gabonais OM
80%
Pierre-Emile Højbjerg Danois OM
80%
Pol Lirola Espagnol OM
80%
Presnel Kimpembe Français PSG
80%
Przemysław Frankowski Polonais Rennes
80%
Quentin Merlin Français Rennes
80%
Romain Perraud Français LOSC
80%
Rubén Blanco Espagnol OM
80%
Sebastian Nanasi Suédois Strasbourg
80%
Seko Fofana Ivoirien Rennes
80%
Stanis Idumbo Belge Monaco
80%
Takumi Minamino Japonais Monaco
80%
Thilo Kehrer Allemand Monaco
80%
Ulisses Garcia Suisse OM
80%
Valentin Rongier Français Rennes
80%
Yahia Fofana Ivoirien Angers
80%
Abdallah Sima Sénégalais Lens
60%
Abdoulaye Touré Guinéen Havre
60%
Abdoul Ouattara Ivoirien Strasbourg
60%
Adam Karabec Tchèque OL
60%
Adrien Thomasson Français Lens
60%
Ainsley Maitland-Niles Anglais OL
60%
Aïssa Mandi Algérien LOSC
60%
Ali Abdi Tunisien OGC Nice
60%
Amine Harit Marocain OM
60%
Andrija Bulatović Monténégrin Lens
60%
Anthony Lopes Portugais Nantes
60%
Anthony Rouault Français Rennes
60%
Antoine Mendy Sénégalais OGC Nice
60%
Aron Dønnum Norvégien Toulouse
60%
Arouna Sanganté Sénégalais Havre
60%
Arsène Kouassi Burkinabé Lorient
60%
Bradley Locko Français Brest
60%
Brendan Chardonnet Français Brest
60%
Calvin Verdonk Indonésien LOSC
60%
Chancel Mbemba Congolais LOSC
60%
Charles Vanhoutte Belge OGC Nice
60%
Charlie Cresswell Anglais Toulouse
60%
Clément Akpa Ivoirien Auxerre
60%
Clinton Mata Angolais OL
60%
Corentin Tolisso Français OL
60%
Cristian Cásseres Jr. Vénézuélien Toulouse
60%
Danny Namaso Camerounais Auxerre
60%
Dayann Methalie Français Toulouse
60%
Deiver Machado Colombien Lens
60%
Djaoui Cissé Français Rennes
60%
Djibril Sidibé Français Toulouse
60%
Dominik Greif Slovaque OL
60%
Donovan Léon Guyanais Auxerre
60%
Félix Lemaréchal Français Strasbourg
60%
Florian Sotoca Français Lens
60%
Florian Thauvin Français Lens
60%
Frank Magri Camerounais Toulouse
60%
Gauthier Hein Français Metz
60%
Gideon Mensah Ghanéen Auxerre
60%
Glen Kamara Finandais Rennes
60%
Guillaume Restes Français Toulouse
60%
Hicham Boudaoui Algérien OGC Nice
60%
Hugo Magnetti Français Brest
60%
Igor Silva Brésilien Lorient
60%
Ilan Kebbal Algérien Paris FC
60%
Isaak Touré Français Lorient
60%
Isak Jansson Suédois OGC Nice
60%
Ismaël Doukouré Français Strasbourg
60%
Jhoanner Chávez Équatorien Lens
60%
Joel Mvuka Norvégien Lorient
60%
Johann Lepenant Français Nantes
60%
Jonathan Clauss Français OGC Nice
60%
Jonathan Gradit Français Lens
60%
Jonathan Ikoné Français Paris FC
60%
Joris Chotard Français Brest
60%
Julio Enciso Paraguayen Strasbourg
60%
Juma Bah Sierraléonais OGC Nice
60%
Kamory Doumbia Malien Brest
60%
Kassoum Ouattara Français Monaco
60%
Kendry Páez Équatorien Strasbourg
60%
Kenny Lala Français Brest
60%
Kevin Carlos Espagnol OGC Nice
60%
Kevin Trapp Allemand Paris FC
60%
Khalis Merah Français OL
60%
Koffi Kouao Ivoirien Metz
60%
Kojo Peprah Oppong Ghanéen OGC Nice
60%
Lassine Sinayoko Malien Auxerre
60%
Lasso Coulibaly Ivoirien Auxerre
60%
Lucas Høgsberg Danois Strasbourg
60%
Lucas Tousart Français Brest
60%
Luck Zogbé Ivoirien Brest
60%
Ludovic Ajorque Français Brest
60%
Mama Baldé Bissau-guinéen Brest
60%
Mamadou Sangaré Malien Lens
60%
Marius Broholm Norvégien LOSC
60%
Mark McKenzie Etatsunien Toulouse
60%
Martín Satriano Uruguayen OL
60%
Mathew Omobamidele Irlandais Strasbourg
60%
Matthis Abline Français Nantes
60%
Melvin Bard Français OGC Nice
60%
Mohamed Abdelmonem Égyptien OGC Nice
60%
Mohamed-Ali Cho Français OGC Nice
60%
Moïse Bombito Canadien OGC Nice
60%
Montassar Talbi Tunisien Lorient
60%
Morgan Guilavogui Guinéen Lens
60%
Morgan Sanson Français OGC Nice
60%
Moses Simon Nigérian Paris FC
60%
Mostafa Mohamed Égyptien Nantes
60%
Mousa Al-Tamari Jordanien Rennes
60%
Moussa Niakhaté Sénégalais OL
60%
Nathan Ngoy Belge LOSC
60%
Obed Nkambadio Français Paris FC
60%
Odsonne Édouard Français Lens
60%
Olivier Giroud Français LOSC
60%
Orel Mangala Belge OL
60%
Otávio Brésilien Paris FC
60%
Paris Brunner Allemand Monaco
60%
Pavel Šulc Tchèque OL
60%
Philipp Köhn Suisse Monaco
60%
Pierre Lees-Melou Français Paris FC
60%
Radosław Majecki Polonais Brest
60%
Rafael Luís Portugais Strasbourg
60%
Rasmus Nicolaisen Danois Toulouse
60%
Rémy Descamps Français OL
60%
Robin Risser Français Lens
60%
Romain Del Castillo Français Brest
60%
Ruben Aguilar Français Lens
60%
Salis Abdul Samed Ghanéen OGC Nice
60%
Samson Baidoo Autrichien Lens
60%
Samuel Amo-Ameyaw Anglais Strasbourg
60%
Sofiane Diop Marocain OGC Nice
60%
Soumaïla Coulibaly Français Strasbourg
60%
Tanguy Ndombélé Français OGC Nice
60%
Tanner Tessmann Etatsunien OL
60%
Terem Moffi Nigérian OGC Nice
60%
Thibault De Smet Belge Paris FC
60%
Tiago Gouveia Portugais OGC Nice
60%
Tiago Santos Portugais LOSC
60%
Tylel Tati Français Nantes
60%
Wesley Saïd Français Lens
60%
Yann Gboho Français Toulouse
60%
Yassine Kechta Marocain Havre
60%
Youssouf Ndayishimiye Burundais OGC Nice
60%
Abu Francis Ghanéen Toulouse
40%
Arthur Avom Camerounais Lorient
40%
Ayumu Seko Japonais Havre
40%
Bamba Dieng Sénégalais Lorient
40%
Bamo Meïté Ivoirien Lorient
40%
Brian Madjo Anglais Metz
40%
Carlens Arcus Haïtien Angers
40%
Chidozie Awaziem Nigérian Nantes
40%
Christopher Wooh Camerounais Rennes
40%
Dermane Karim Togolais Lorient
40%
Emersonn Brésilien Toulouse
40%
Estéban Lepaul Français Rennes
40%
Ethan Mbappé Français LOSC
40%
Francisco Sierralta Chilien Auxerre
40%
Gautier Lloris Français Havre
40%
Giorgi Tsitaishvili Géorgien Metz
40%
Habib Diallo Sénégalais Metz
40%
Hamzat Ojediran Nigérian Lens
40%
Hans Hateboer Néerlandais Rennes
40%
Haris Belkebla Algérien Angers
40%
Herba Guirassy Français Nantes
40%
Hervé Koffi Burkinabé Angers
40%
Himad Abdelli Algérien Angers
40%
Ismaëlo Ganiou Burkinabé Lens
40%
Jean-Philippe Krasso Ivoirien Paris FC
40%
Jean-Victor Makengo Français Lorient
40%
Jérémie Boga Ivoirien OGC Nice
40%
Jessy Deminguet Français Metz
40%
Jim Allevinah Gabonais Angers
40%
Jonathan Fischer Danois Metz
40%
Jordan Lefort Français Angers
40%
Josué Casimir Guadeloupéen Auxerre
40%
Julien Le Cardinal Français Brest
40%
Junior Diaz Ivoirien Brest
40%
Junior Mwanga Français Nantes
40%
Kelvin Amian Français Nantes
40%
Kévin Danois Français Auxerre
40%
Laurent Abergel Français Lorient
40%
Louis Leroux Français Nantes
40%
Mario Sauer Slovaque Toulouse
40%
Mathis Amougou Français Strasbourg
40%
Matthieu Udol Français Lens
40%
Mohamed Bamba Ivoirien Lorient
40%
Mohamed Kader Meïté Français Rennes
40%
Moustapha Mbow Sénégalais Paris FC
40%
Neal Maupay Français OM
40%
Nhoa Sangui Français Paris FC
40%
Nicolas Cozza Français Nantes
40%
Nidal Celik Bosniaque Lens
40%
Pablo Pagis Français Lorient
40%
Panos Katseris Grec Lorient
40%
Pathé Mboup Sénégalais Brest
40%
Reda Khadra Allemand Havre
40%
Saud Abdulhamid Saoudien Lens
40%
Sinaly Diomandé Ivoirien Auxerre
40%
Tom Louchet Français OGC Nice
40%
Tyler Morton Anglais OL
40%
Vincent Marchetti Français Paris FC
40%
Warren Kamanzi Norvégien Toulouse
40%
Willem Geubbels Français Paris FC
40%
Yassin Belkhdim Marocain Angers
40%
Yehvann Diouf Sénégalais OGC Nice
40%
Yvon Mvogo Suisse Lorient
40%
Abdoulaye Faye Sénégalais Lorient
20%
Aiyegun Tosin Béninois Lorient
20%
Alimami Gory Français Paris FC
20%
Arnaud Bodart Belge LOSC
20%
Bertuğ Yıldırım Turc Rennes
20%
Cheikh Sabaly Sénégalais Metz
20%
Damián Pizarro Chilien Havre
20%
Daouda Guindo Malien Brest
20%
Darlin Yongwa Camerounais Lorient
20%
Elisha Owusu Ghanéen Auxerre
20%
Emmanuel Biumla Français Angers
20%
Étienne Youté Kinkoué Français Havre
20%
Fabien Centonze Français Nantes
20%
Ibrahim Osman Ghanéen Auxerre
20%
Issa Soumaré Sénégalais Havre
20%
Jean-Philippe Gbamin Ivoirien Metz
20%
Joel Asoro Suédois Metz
20%
Junior Dina Ebimbe Français Brest
20%
Lilian Brassier Français Rennes
20%
Mahamadou Diawara Français OL
20%
Marvin Senaya Français Auxerre
20%
Mathieu Cafaro Français Paris FC
20%
Maxi Oyedele Polonais Strasbourg
20%
Mayckel Lahdo Suédois Nantes
20%
Michel Mboula Gabonais Metz
20%
Nathaniel Adjei Ghanéen Lorient
20%
Niklas Schmidt Allemand Toulouse
20%
Noah Cadiou Guadeloupéen Lorient
20%
Oussama El Azzouzi Marocain Auxerre
20%
Rabby Nzingoula Français Strasbourg
20%
Rafael Fernandes Portugais LOSC
20%
Rassoul Ndiaye Sénégalais Havre
20%
Rémy Labeau Lascary Français Brest
20%
Sadibou Sané Sénégalais Metz
20%
Saïdou Sow Ivoirien Strasbourg
20%
Sambou Soumano Sénégalais Lorient
20%
Santiago Hidalgo Argentin Toulouse
20%
Sékou Mara Français Strasbourg
20%
Terry Yegbe Ghanéen Metz
20%
Théo Le Bris Français Lorient
20%
Ugo Raghouber Français LOSC
20%
Younes Namli Danois Havre
20%
Doğan Alemdar Turc Rennes
0%
George llenikhena Nigérian Monaco
0%
Hyun-Seok Hong Sud-Coréen Nantes
0%
Jean-Kévin Duverne Haïtien Nantes
0%
Mathys Tourraine Marocain Paris FC
0%
Aucun quiz correspondant
Distribution des résultats
% des personnes avec chaque résultat
Percentile par nombre de réponses
Votre historique - résultats
Vous n’avez pas pris ce quiz depuis la dernière actualisation